[Event "Olexuv memorial 2015"]
[Site "?"]
[Date "2015.12.30"]
[Round "7.2"]
[White "Krejci, Petr"]
[Black "Licka, Vlastimil"]
[Result "1-0"]
[WhiteElo "1972"]
[BlackElo "1939"]
[PlyCount "93"]
[EventDate "2015.??.??"]

1. Nf3 d5 2. g3 Nf6 3. Bg2 c6 4. O-O e6 5. b3 Bd6 6. Bb2 Nbd7 7. d4 O-O 8. c4
b6 9. Nbd2 Bb7 10. Qc2 Rc8 11. h3 Qe7 12. Ne5 Ba3 13. Bxa3 Qxa3 14. Nxd7 Nxd7
15. e4 Qe7 16. Rae1 dxc4 17. bxc4 e5 18. dxe5 Qxe5 19. f4 Qd4+ 20. Kh2 Ba6 21.
Rc1 Nc5 22. Nb3 Qd6 23. Rfd1 Qe7 24. Nxc5 Qxc5 25. Qa4 Bb7 26. Qxa7 Rc7 27. Rb1
Rfc8 28. Qxb6 Qxb6 29. Rxb6 c5 30. a4 Kf8 31. a5 Ra8 32. Rdb1 Ra7 33. a6 Bc8
34. Ra1 Ke7 35. e5 Be6 36. Bd5 Rd7 37. Rd1 Rdc7 38. g4 Bc8 39. Ra1 Be6 40. Kg3
Bd7 41. Kf2 Bc8 42. Kf3 Be6 43. Ke4 Bc8 44. f5 Bd7 45. Rb7 Kd8 46. Rxc7 Kxc7
47. Bxf7 1-0

[Event "Olexuv memorial 2015"]
[Site "?"]
[Date "2015.12.30"]
[Round "7.3"]
[White "Veznik, Michael"]
[Black "Straka, Vojtech"]
[Result "1-0"]
[WhiteElo "1773"]
[BlackElo "1782"]
[PlyCount "99"]
[EventDate "2015.??.??"]

1. b4 e5 2. Bb2 Bxb4 3. Bxe5 Nf6 4. Nf3 O-O 5. e3 Nc6 6. Bb2 d5 7. Be2 Be6 8.
O-O a6 9. a4 Bd6 10. d3 Ng4 11. h3 Nge5 12. Nbd2 Re8 13. Nxe5 Bxe5 14. Bxe5
Nxe5 15. f4 Nc6 16. f5 Bc8 17. e4 dxe4 18. Nxe4 Nd4 19. Bg4 f6 20. c3 Nc6 21.
Nc5 Ne5 22. Qb3+ Kh8 23. d4 Nxg4 24. hxg4 b6 25. Ne6 Bxe6 26. fxe6 Qd6 27. d5
Qc5+ 28. Kh1 Rad8 29. Rad1 Rd6 30. c4 Rdd8 31. Rf5 Qe7 32. Rdf1 Rf8 33. Qc3 h6
34. a5 Rb8 35. Rb1 Rfd8 36. Rf2 Qc5 37. Rbf1 Rf8 38. axb6 cxb6 39. Qd3 Rbd8 40.
Re2 Rfe8 41. Rd1 Qd6 42. Qb3 Qf4 43. Qxb6 Qxg4 44. Ree1 Qxc4 45. d6 Kg8 46.
Qxd8 Rxd8 47. e7 Qh4+ 48. Kg1 f5 49. d7 Rxd7 50. e8=Q+ 1-0

[Event "Olexuv memorial 2015"]
[Site "?"]
[Date "2015.12.30"]
[Round "7.4"]
[White "Effenberger, Adam"]
[Black "Fiala, Vaclav"]
[Result "1/2-1/2"]
[WhiteElo "1839"]
[BlackElo "2274"]
[PlyCount "20"]
[EventDate "2015.??.??"]
[SourceDate "2016.01.01"]

1. f4 d5 2. Nf3 Nf6 3. d3 b6 4. g3 Bb7 5. Bg2 c5 6. O-O e6 7. Nbd2 Nbd7 8. e3
Be7 9. c4 O-O 10. Qe2 Re8 1/2-1/2

[Event "Olexuv memorial 2015"]
[Site "?"]
[Date "2015.12.30"]
[Round "7.5"]
[White "Pokora, Lubomir"]
[Black "Vavrousek, Petr"]
[Result "1/2-1/2"]
[WhiteElo "1875"]
[BlackElo "1739"]
[PlyCount "87"]
[EventDate "2015.??.??"]

1. e4 c5 2. Nc3 d6 3. g3 g6 4. Bg2 Bg7 5. d3 Nc6 6. f4 Bd7 7. Nf3 Rc8 8. O-O e6
9. Ne2 b5 10. c3 Nge7 11. Be3 O-O 12. d4 Na5 13. Bf2 Qc7 14. Rc1 Nb7 15. h3 Bc6
16. Nd2 c4 17. g4 Rcd8 18. Qc2 e5 19. fxe5 dxe5 20. b4 exd4 21. cxd4 Be8 22.
Nf3 a5 23. Be1 Nc6 24. bxa5 Nbxa5 25. Rd1 f6 26. d5 Ne5 27. Nxe5 fxe5 28. Qd2
Rxf1+ 29. Bxf1 Nb7 30. Bf2 Nd6 31. Ng3 Qf7 32. Be2 Qf4 33. Kg2 Qxd2 34. Rxd2
Bh6 35. Rc2 Bf4 36. Bf3 Rc8 37. Ne2 g5 38. h4 Bg6 39. hxg5 Nxe4 40. Nxf4 exf4
41. Rc1 Nxg5 42. Bd4 Rd8 43. Bf6 Nxf3 44. Bxd8 1/2-1/2

[Event "Olexuv memorial 2015"]
[Site "?"]
[Date "2015.12.30"]
[Round "7.6"]
[White "Cip, Dalibor"]
[Black "Snorek, Milan"]
[Result "1-0"]
[WhiteElo "2164"]
[BlackElo "2148"]
[PlyCount "95"]
[EventDate "2015.??.??"]

1. c4 Nf6 2. Nf3 c5 3. g3 g6 4. Bg2 Bg7 5. d4 cxd4 6. Nxd4 Nc6 7. Nc3 Nxd4 8.
Qxd4 O-O 9. O-O d6 10. Qd3 a6 11. Rd1 Rb8 12. Bf4 Ng4 13. c5 Ne5 14. Qc2 Bf5
15. Be4 Bxe4 16. Qxe4 Re8 17. Rac1 Qa5 18. cxd6 exd6 19. Rxd6 Ng4 20. Qd5 Qb4
21. Rd7 Rf8 22. Bxb8 Qxb2 23. Rb1 Qxc3 24. Qxb7 Bd4 25. Ba7 Bg7 26. Qc7 Qa3 27.
Qc2 Qa5 28. h3 Nf6 29. Rc7 Qh5 30. Kg2 Qd5+ 31. f3 h5 32. Rd1 Qa8 33. Qc6 Qe8
34. Qxe8 Rxe8 35. e4 Re6 36. a4 h4 37. g4 Ne8 38. Rc2 Be5 39. Be3 Bd6 40. Rd5
f6 41. Rc6 Kf7 42. Rxa6 g5 43. Rc6 Bg3 44. Rxe6 Kxe6 45. a5 Nc7 46. Rc5 Kd7 47.
Rf5 Ke6 48. Bd4 1-0

[Event "Olexuv memorial 2015"]
[Site "?"]
[Date "2015.12.30"]
[Round "7.7"]
[White "Zikan, Karel"]
[Black "Spodny, Josef"]
[Result "1/2-1/2"]
[WhiteElo "1710"]
[BlackElo "1926"]
[PlyCount "36"]
[EventDate "2015.??.??"]
[SourceDate "2016.01.01"]

1. d4 Nf6 2. Nf3 e6 3. c4 Bb4+ 4. Bd2 Qe7 5. Nc3 Bxc3 6. Bxc3 Ne4 7. Qc2 f5 8.
e3 b6 9. g3 Bb7 10. Bg2 Nxc3 11. Qxc3 O-O 12. O-O d6 13. Rac1 Nd7 14. Rfd1 Be4
15. Ne1 Bxg2 16. Nxg2 Nf6 17. f3 g6 18. c5 bxc5 1/2-1/2

[Event "Olexuv memorial 2015"]
[Site "?"]
[Date "2015.12.30"]
[Round "7.8"]
[White "Divis, Jan"]
[Black "Fryda, Dominik"]
[Result "0-1"]
[WhiteElo "1632"]
[BlackElo "1677"]
[PlyCount "94"]
[EventDate "2015.??.??"]
[SourceDate "2016.01.01"]

1. d4 c5 2. d5 g6 3. c3 Bg7 4. Bf4 Nf6 5. e3 O-O 6. Be2 d6 7. Nf3 b6 8. O-O Bb7
9. c4 Nxd5 10. cxd5 Bxb2 11. Nbd2 Bxa1 12. Qxa1 f6 13. e4 Nd7 14. Bh6 Rf7 15.
h4 Ne5 16. Nxe5 dxe5 17. Qc3 Qc7 18. f4 exf4 19. Bxf4 Qd7 20. Qg3 Bc8 21. Bc4
Kh8 22. e5 fxe5 23. Bxe5+ Kg8 24. Rxf7 Kxf7 25. d6+ Ke8 26. Qf3 exd6 27. Bg3
Bb7 28. Qe3+ Qe7 29. Qf4 d5 30. Bb5+ Kd8 31. Nf3 c4 32. Ne5 Qc5+ 33. Kh2 Qxb5
34. Nf7+ Ke7 35. Qc7+ Qd7 36. Qf4 Rf8 37. Qc1 Kxf7 38. Qf4+ Kg8 39. Qh6 Qg7 40.
Qe3 d4 41. Qe6+ Qf7 42. Qg4 Qd5 43. Qe2 Qxg2+ 44. Qxg2 Bxg2 45. Kxg2 c3 46. Be1
a5 47. a4 Rc8 0-1

[Event "Olexuv memorial 2015"]
[Site "?"]
[Date "2015.12.30"]
[Round "7.9"]
[White "Kandalec, Stefan"]
[Black "Hala, Pavel"]
[Result "1-0"]
[WhiteElo "1678"]
[BlackElo "1730"]
[PlyCount "75"]
[EventDate "2015.??.??"]
[SourceDate "2016.01.01"]

1. e4 d6 2. d4 e6 3. Nf3 h6 4. Bc4 Nd7 5. O-O Nb6 6. Bd3 Ne7 7. e5 Bd7 8. Bf4
d5 9. Bg3 Nc6 10. c3 Be7 11. Bc2 Na5 12. Nbd2 Nac4 13. b3 Nxd2 14. Qxd2 Bb5 15.
Rfe1 Qd7 16. a4 Ba6 17. a5 Nc8 18. b4 Bc4 19. Qf4 Qd8 20. Qg4 g6 21. h4 a6 22.
Nd2 Bb5 23. c4 dxc4 24. d5 h5 25. Qf3 exd5 26. e6 Rf8 27. exf7+ Kd7 28. Qxd5+
Nd6 29. Bxg6 Kc8 30. Qe6+ Bd7 31. Qxe7 Qxe7 32. Rxe7 Kd8 33. Bxd6 cxd6 34. Rae1
d5 35. Re8+ Kc7 36. Rxa8 Rxa8 37. Re8 Rxe8 38. fxe8=Q 1-0

[Event "Olexuv memorial 2015"]
[Site "?"]
[Date "2015.12.30"]
[Round "7.10"]
[White "Doskar, Miloslav"]
[Black "Hotar, Petr"]
[Result "1-0"]
[WhiteElo "1705"]
[BlackElo "1574"]
[PlyCount "76"]
[EventDate "2015.??.??"]
[SourceDate "2016.01.01"]

1. Nf3 Nf6 2. d4 d5 3. g3 g6 4. Bg2 Bg7 5. c4 c6 6. cxd5 cxd5 7. O-O O-O 8. Nc3
Nc6 9. e3 Re8 10. b3 Bf5 11. a3 Ne4 12. Nxe4 dxe4 13. Nh4 Qd5 14. Nxf5 gxf5 15.
Bb2 Rad8 16. b4 e5 17. dxe5 Nxe5 18. Bxe5 Qxe5 19. Qh5 f4 20. Qxe5 Bxe5 21.
Rac1 f3 22. Bh3 Bb8 23. Rfd1 Kg7 24. Bf1 Rxd1 25. Rxd1 Re7 26. Bc4 f5 27. Ba2
Be5 28. a4 b6 29. b5 Kf6 30. h3 h5 31. h4 Rc7 32. Bb1 Rc4 33. Ba2 Rxa4 34. Bd5
a6 35. bxa6 Rxa6 36. Bc6 Ra7 37. Be8 Rb7 38. Rc1 Rb8 1-0

[Event "Olexuv memorial 2015"]
[Site "?"]
[Date "2015.12.30"]
[Round "7.11"]
[White "Koci, Milos"]
[Black "Glacner, Karel"]
[Result "0-1"]
[WhiteElo "1285"]
[BlackElo "1577"]
[PlyCount "93"]
[EventDate "2015.??.??"]
[SourceDate "2016.01.01"]

1. d4 Nf6 2. c4 e5 3. e3 exd4 4. exd4 Bb4+ 5. Bd2 Qe7+ 6. Qe2 O-O 7. Qxe7 Bxe7
8. Bd3 Re8 9. Ne2 b6 10. f3 Bb7 11. O-O d6 12. Nbc3 a6 13. b3 h6 14. Ne4 d5 15.
Nxf6+ Bxf6 16. Rac1 c6 17. Kh1 a5 18. Rfe1 Na6 19. Nc3 Nb4 20. Bb1 Bxd4 21.
Rxe8+ Rxe8 22. Re1 Rxe1+ 23. Bxe1 dxc4 24. bxc4 Na6 25. Na4 Bc8 26. Bc3 Be3 27.
Be4 Bd7 28. a3 f5 29. Bd3 b5 30. cxb5 cxb5 31. Bxa5 bxa4 32. Bc4+ Kf8 33. Bxa6
Bc5 34. Bb4 Bxb4 35. axb4 Be6 36. Bd3 a3 37. Bb1 a2 38. Bxa2 Bxa2 39. f4 g5 40.
fxg5 hxg5 41. g3 Bd5+ 42. Kg1 g4 43. Kf2 Ke7 44. Ke3 Kd6 45. Kd4 Bc6 46. Ke3
Ke5 47. Kf2 0-1

[Event "Olexuv memorial 2015"]
[Site "?"]
[Date "2015.12.30"]
[Round "7.12"]
[White "Hladky, Jiri"]
[Black "Brda, Vlastimil"]
[Result "0-1"]
[WhiteElo "1000"]
[BlackElo "1244"]
[PlyCount "104"]
[EventDate "2015.??.??"]
[SourceDate "2016.01.01"]

1. e4 e5 2. f4 exf4 3. Nf3 c6 4. e5 Be7 5. Bc4 g5 6. d4 b5 7. Bxf7+ Kxf7 8. h4
g4 9. Ng5+ Bxg5 10. hxg5 d5 11. Bxf4 Bf5 12. O-O Ne7 13. e6+ Kxe6 14. Qe2+ Kf7
15. Nc3 Ng6 16. Rae1 Qb6 17. Be5 Re8 18. Rxf5+ Kg8 19. Qxg4 Nd7 20. Kh1 Ndxe5
21. dxe5 Rf8 22. Rf6 Rae8 23. e6 Qc5 24. e7 Rxe7 25. Rxf8+ Nxf8 26. Rf1 Rg7 27.
Qf5 Qe7 28. Qf6 Qe8 29. Ne2 Qh5+ 30. Kg1 Rf7 31. Ng3 Rxf6 32. Nxh5 Rxf1+ 33.
Kxf1 Ng6 34. Nf6+ Kg7 35. Ne8+ Kh8 36. Nd6 Ne5 37. Kf2 a5 38. Ke3 Kg7 39. Kf4
Nc4 40. Nxc4 dxc4 41. Ke4 Kg6 42. Kd4 Kxg5 43. a4 Kg4 44. Kc5 h5 45. axb5 cxb5
46. Kxb5 Kg3 47. Kxc4 Kxg2 48. Kd3 h4 49. c4 h3 50. c5 h2 51. c6 h1=Q 52. c7
Qc1 0-1

[Event "Olexuv memorial 2015"]
[Site "?"]
[Date "2015.12.30"]
[Round "7.13"]
[White "Schoebel, Thomas"]
[Black "Hladky, Tadeas"]
[Result "1-0"]
[WhiteElo "1435"]
[BlackElo "1000"]
[PlyCount "65"]
[EventDate "2015.??.??"]
[SourceDate "2016.01.01"]

1. e4 e5 2. Nf3 Nc6 3. Bc4 Bc5 4. O-O Nf6 5. Ng5 d5 6. exd5 Nxd5 7. Qf3 Qxg5 8.
d4 Qe7 9. dxc5 Nf6 10. Be3 O-O 11. Rd1 Bg4 12. Qg3 Bxd1 13. Bd3 Bg4 14. h3 Bh5
15. Bh6 Bg6 16. Be3 Rfe8 17. Bxg6 fxg6 18. c3 Nd5 19. b4 Nxe3 20. fxe3 Qf6 21.
Nd2 a5 22. b5 Ne7 23. Ne4 Qf5 24. Qh4 Nd5 25. Rf1 Qd7 26. Rd1 Qe6 27. Ng5 Qf6
28. Qxh7+ Kf8 29. Rf1 Nf4 30. exf4 exf4 31. Qh4 Ke7 32. Rxf4 Rh8 33. Qe1+ 1-0